MESTSKÁ KNIŽNICA GIRALTOVCE  - online katalóg 

Rímske dejiny (Record no. 12326)

000 -NÁVESTIE
fixed length control field 00871nam a2200265 a 4500
008 - ÚDAJE S PEVNOU DĹŽKOU – VŠEOBECNÉ INFORMÁCIE
fixed length control field 951214s1988||||[C 0 slo c
020 ## - MEDZINÁRODNÉ ŠTANDARDNÉ ČÍSLO KNIHY (ISBN)
Údaje o dostupnosti 41 Kčs.
Qualifying information (8000 výtl.)
040 ## - ZDROJ KATALOGIZÁCIE
Pôvodná katalogizujúca agentúra SNK
Jazyk katalogizácie slo
Prepisujúca agentúra SNK
Konvencie popisu AACR2
041 1# - KÓD JAZYKA
Kód jazyka textu/zvukovej stopy alebo samostatných nápisov slo
Kód jazyka originálu a/alebo sprostredkujúcich prekladov textu lit
044 ## - KÓD KRAJINY VYDAVATEĽA/PRODUCENTA
Kód krajiny MARC xo
Kód krajiny ISO SK
080 ## - ČÍSLO MEDZINÁRODNÉHO DESATINNÉHO TRIEDENIA (MDT)
Číslo Medzinárodného desatinného triedenia (MDT) 871-9
080 ## - ČÍSLO MEDZINÁRODNÉHO DESATINNÉHO TRIEDENIA (MDT)
Číslo Medzinárodného desatinného triedenia (MDT) 937
100 1# - OSOBNÉ MENÁ – VŠEOBECNÉ INFORMÁCIE
Osobné meno Marcellinus, Ammianus
Kód roly aut
245 10 - NÁZOV
Názov Rímske dejiny
Údaj o zodpovednosti atď. Ammianus Marcellinus ; Daniel Škoviera, Daniel Škoviera, Ján Hladík, Daniel Škoviera
250 ## - ÚDAJ O PORADÍ VYDANIA
Údaj o poradí vydania 1., vyd.
260 ## - VYDAVATEĽSKÉ ÚDAJE, DISTRIBÚCIA ATĎ.
Miesto publikovania, distribúcie atď. Bratislava
Názov vydavateľa, distibútora atď. Tatran
Dátum publikovania, distribúcie atď. 1988
Miesto výroby Bratislava
Výrobca Svornosť
300 ## - FYZICKÝ POPIS
Rozsah 679 s., 43,45 AH
Ďalšie fyzické detaily Mp.
Rozmery 20 cm
490 0# - EDÍCIA
Edícia Zlatý fond svetovej literatúry
Zväzok/sekvenčné označenie Zv. 85.
500 ## - VŠEOBECNÁ POZNÁMKA
Formátovaná poznámka o obsahu Zozn. vlast. mien a reálií. Rozlož. tit. list.
700 1# - PRIDANÝ VSTUP – OSOBNÉ MENO
Osobné meno Škoviera, Daniel
Kód roly trl
700 1# - PRIDANÝ VSTUP – OSOBNÉ MENO
Osobné meno Škoviera, Daniel
Kód roly [ADC]
700 1# - PRIDANÝ VSTUP – OSOBNÉ MENO
Osobné meno Hladík, Ján
Kód roly bkd
700 1# - PRIDANÝ VSTUP – OSOBNÉ MENO
Osobné meno Škoviera, Daniel
Kód roly oth
958 ## - Formálny deskriptor
Formálny deskriptor A
Holdings
Stav stiahnutia (Blokovanie) (Withrawn status) Stav straty Zdroj klasifikácie pre skladovanie Stav poškodenia (Damaged status) Nie pre výpožičky (Not for loan) Spôsob nadobudnutia (Collection code) Trvalé umiestnenie Aktuálne umiestnenie Dátum nadobudnutia Náklady, bežná kúpna cena Inventárne číslo (prírastkové číslo) Celkom výpožičky Full call number Čiarový kód Dátum posledného výskytu Dátum poslednej výpôžičky Cena s účinnosťou od Typ jednotky Koha
          Kúpa Mestská knižnica Giraltovce Mestská knižnica Giraltovce 2019-11-29 41.00 11618 1 B 5744 B5744 2024-05-31 2024-03-20 2019-11-29 Krásna literatúra pre dospelých

Powered by Koha